00890nam a2200205 i 450000100060000000300090000600500170001500700030003200800410003510000240007624502430010026000800034330000220042365000230044565100350046870000410050370000290054485200210057385200900059439728ES-MaACL20250715193503.0t|030304s1939 sp |||| | spa d1 aCantalupo, Roberto.13aLa clase dirigente b: (profundo estudio sobre la ideología del fascismo y la historia contemporánea de Italia) / cRoberto Cantalupo ; traducción del italiano por Manuel Aznar ; aclaraciones preliminares por Cristobal del Castillo. a[S.l. : bEspasa Calpe, c1939 (eGranada : f(Imp. Hº de Paulino Ventura) a153 p. ; c20 cm. aFascismo-zItalia. 4aItalia-xHistoria-y1914-1945.1 aAznar Zubigaray, Manuel, d1894-19751 aCastillo, Cristobal del. aES-MaACLjA-4855 aES-MaACLjL-32211 z. - Donat. herederos de la bibl. de Mª del Pilar Costa Palacín